| 000 | 00494nam a2200169 a 4500 | ||
|---|---|---|---|
| 001 | 1023 | ||
| 005 | 20140414131854.0 | ||
| 008 | 041014s19uu xx 00 eng d | ||
| 020 | _a81-7181-535-9 | ||
| 050 |
_aM 808.83 _bP75 1998 |
||
| 100 | _aPoe, Edgar Allan | ||
| 245 |
_aEdgar Allan Poe : _bgreat short stories / _cEdgar Allan Poe ; illustrations by Gautam Roy. |
||
| 260 |
_aNew Delhi : _bLearners Press (P), _c1999. |
||
| 300 | _ap. ; cm. | ||
| 650 | _aShort stories. | ||
| 999 |
_c110379 _d110379 |
||